Molière, Le Festin de pierre (Dom Juan), édition critique du texte d’Amsterdam (1683) par Joan DeJean, Genève, Droz, 1999. Un vol. 11,5 × 18 cm de 286 p. (« Textes littéraires français », 500). (notice n° 1599812)
[ vue normale ]
| 000 -LEADER | |
|---|---|
| fixed length control field | 00640cam a2200145 4500500 |
| 005 - DATE AND TIME OF LATEST TRANSACTION | |
| control field | 20251228082814.0 |
| 041 ## - LANGUAGE CODE | |
| Language code of text/sound track or separate title | fre |
| 042 ## - AUTHENTICATION CODE | |
| Authentication code | dc |
| 100 10 - MAIN ENTRY--PERSONAL NAME | |
| Personal name | Mazouer, Charles |
| Relator term | author |
| 245 00 - TITLE STATEMENT | |
| Title | Molière, Le Festin de pierre (Dom Juan), édition critique du texte d’Amsterdam (1683) par Joan DeJean, Genève, Droz, 1999. Un vol. 11,5 × 18 cm de 286 p. (« Textes littéraires français », 500). |
| 260 ## - PUBLICATION, DISTRIBUTION, ETC. | |
| Date of publication, distribution, etc. | 2003.<br/> |
| 500 ## - GENERAL NOTE | |
| General note | 51 |
| 786 0# - DATA SOURCE ENTRY | |
| Note | Dix-septième siècle | 218 | 1 | 2003-03-01 | p. 161i-179i | 0012-4273 |
| 856 41 - ELECTRONIC LOCATION AND ACCESS | |
| Uniform Resource Identifier | <a href="https://shs.cairn.info/revue-dix-septieme-siecle-2003-1-page-161i?lang=fr&redirect-ssocas=7080">https://shs.cairn.info/revue-dix-septieme-siecle-2003-1-page-161i?lang=fr&redirect-ssocas=7080</a> |
Pas d'exemplaire disponible.




Réseaux sociaux